Hotel front office: A training manual (Record no. 25384)
[ view plain ]
| 000 -LEADER | |
|---|---|
| fixed length control field | 00498nam a2200181Ia 4500 |
| 008 - FIXED-LENGTH DATA ELEMENTS--GENERAL INFORMATION | |
| fixed length control field | 230917s9999||||xx |||||||||||||| ||und|| |
| 020 ## - ISBN | |
| Price | RS520 |
| 040 ## - CATALOGING SOURCE | |
| -- | 244746 |
| Original cataloging agency | VIVEKANANDA LIBRARY |
| 041 ## - Language | |
| -- | English |
| 082 ## - DDC NUMBER | |
| Classification number | 647.94 A27H(3) |
| 100 ## - MAIN ENTRY--PERSONAL NAME | |
| Personal name | Andrews, Sudhir |
| 245 #0 - TITLE STATEMENT | |
| Title | Hotel front office: A training manual |
| 250 ## - EDITION STATEMENT | |
| Edition statement | 3rd ed. |
| 260 ## - PUBLICATION, DISTRIBUTION, ETC. (IMPRINT) | |
| Place of publication, distribution, etc | Chennai |
| Name of publisher, distributor, etc | McGraw-Hill Education (India) |
| Date of publication, distribution, etc | 2017 |
| 300 ## - PHYSICAL DESCRIPTION | |
| Pages | xxxv, 348 p. |
| 500 ## - GENERAL NOTE | |
| General note | 3006 17/01/2018 HBD18/7202 06/02/2018 IHTM (SFS) |
| 942 ## - ADDED ENTRY ELEMENTS (KOHA) | |
| Koha item type | Books |
| Withdrawn status | Lost status | Damaged status | Not for loan | Location (home branch) | Sublocation or collection (holding branch) | Shelving location | Date acquired | Koha issues (times borrowed) | Koha full call number | Accession No. | Koha date last seen | Koha item type |
|---|---|---|---|---|---|---|---|---|---|---|---|---|
| VIVEKANANDA LIBRARY | VIVEKANANDA LIBRARY | IHTM Library | 27/02/2018 | 647.94 A27H(3) | 371672 | 17/09/2023 | Books | |||||
| VIVEKANANDA LIBRARY | VIVEKANANDA LIBRARY | IHTM Library | 27/02/2018 | 647.94 A27H(3) | 371673 | 17/09/2023 | Books | |||||
| VIVEKANANDA LIBRARY | VIVEKANANDA LIBRARY | IHTM Library | 27/02/2018 | 2 | 647.94 A27H(3) | 371674 | 21/01/2026 | Books | ||||
| VIVEKANANDA LIBRARY | VIVEKANANDA LIBRARY | IHTM Library | 27/02/2018 | 647.94 A27H(3) | 371675 | 17/09/2023 | Books | |||||
| VIVEKANANDA LIBRARY | VIVEKANANDA LIBRARY | IHTM Library | 27/02/2018 | 647.94 A27H(3) | 371676 | 17/09/2023 | Books |
